| 000 | 01184nam a2200229 a 4500 | ||
|---|---|---|---|
| 001 | 000035565 | ||
| 005 | 20240412074258.0 | ||
| 008 | 111103s2005 dr 000 j spa d | ||
| 020 | _a9993491233 | ||
| 040 |
_aDO-SdBNP _bspa _cBNPHU |
||
| 082 |
_aRD863.44 _bP925d |
||
| 111 | 2 |
_aPremio Internacional de Cuento Casa de Teatro : _d2004) _961466 |
|
| 245 | 1 | 0 |
_aDeportivas parte atrás / _cMiguel A. Yarull S. |
| 260 |
_aSanto Domingo : _bCasa de teatro, _c2005. |
||
| 300 |
_a73 p. ; _c21 cm. |
||
| 505 | 0 |
_aLa sangre de Philippe / _rRey Enmanuel Andújar -- _tHijo de su globalizada madre patria / _rJuan Carlos García -- _tTodo hombre es como la luna llena / _rPedro Bermúdez Solís -- _tLas moscas en el cristal / _rAbdala Mergen -- _tEl plan B / _rFélix M. Hiriyo Pimentel -- _tDesde la calle / _rClara del Carmen Guillén -- _tEl ritual de María / _rPatricia Romano _tRosas en la avenida / _rJosé Acosta -- _tEl diario de la eterna espera _rSimón E. de Castro |
|
| 586 | _aPremio internacional de cuento Casa de Teatro 2004 | ||
| 590 | _aInventariado, 2019/BT | ||
| 650 | 0 |
_aCuentos dominicanos _9176 |
|
| 650 | 0 |
_aLiteratura dominicana. _967 |
|
| 910 | _aValidado. Control de calidad MFF | ||
| 999 |
_c35056 _d35056 |
||